| 000 | 00664nam a2200193 a 4500 | ||
|---|---|---|---|
| 005 | 20240509064138.0 | ||
| 008 | 991125s1996 mx 000 0 spa u | ||
| 035 | _aUPN01000015513 | ||
| 049 | _aF | ||
| 050 | 4 |
_aLB5 _bD54 no.43 |
|
| 100 | 1 |
_aFuenlabrada Velázquez, Irma Rosa _937094 |
|
| 245 | 1 | 3 |
_aLa didáctica, los maestros y el conocimiento matemático / _cIrma Fuenlabrada. |
| 260 |
_aMéxico : _bIPN, Centro de Investigación y de Estudios Avanzados, _c1996. |
||
| 300 | _a17 p. | ||
| 440 | 0 |
_aDocumento DIE ; _v43 |
|
| 650 | 4 |
_aMaestros en servicio, Formación de _9390 |
|
| 650 | 4 |
_aMatemáticas _xEstudio y enseñanza (Elemental) _92809 |
|
| 905 | _aLibro | ||
| 999 |
_c15513 _d15513 |
||